000 00814cab a2200277 4500
001 WB3247-18
008 090401t1996 xxu||||| |||| 00| 0 eng d
035 _a(Sirsi) u69367
041 _aeng
245 _aPrivate finance road projects
260 _c1996
350 _a0
490 _aHighways Agency Press Notice
_v(209) 10 December 1996,
490 _aConstruction News
_v(6495) 12 December 1996, (3)
520 _aExpressions of interest in two DBFO road improvement schemes in London are invited. Details.
650 _aA13
650 _aA40
650 _aDBFO
650 _aHIGHWAYS AGENCY
650 _aROAD SCHEMES
650 _aTRUNK ROADS
690 _aPROPERTY-PROPERTY FINANCE AND INVESTMENT
690 _aHIGHWAYS RIGHTS OF WAY AND EASEMENTS
942 _n0
948 _c04/03/1997
999 _c43568
_d43568